<?xml version="1.0" encoding="UTF-8"?><?xml-stylesheet type="text/xsl" href="static/style.xsl"?><OAI-PMH xmlns="http://www.openarchives.org/OAI/2.0/" xmlns:xsi="http://www.w3.org/2001/XMLSchema-instance" xsi:schemaLocation="http://www.openarchives.org/OAI/2.0/ http://www.openarchives.org/OAI/2.0/OAI-PMH.xsd"><responseDate>2026-04-13T04:05:15Z</responseDate><request verb="GetRecord" identifier="oai:www.recercat.cat:10230/32165" metadataPrefix="marc">https://recercat.cat/oai/request</request><GetRecord><record><header><identifier>oai:recercat.cat:10230/32165</identifier><datestamp>2025-12-12T01:48:47Z</datestamp><setSpec>com_2072_6</setSpec><setSpec>col_2072_452952</setSpec></header><metadata><record xmlns="http://www.loc.gov/MARC21/slim" xmlns:dcterms="http://purl.org/dc/terms/" xmlns:xsi="http://www.w3.org/2001/XMLSchema-instance" xmlns:doc="http://www.lyncode.com/xoai" xsi:schemaLocation="http://www.loc.gov/MARC21/slim http://www.loc.gov/standards/marcxml/schema/MARC21slim.xsd">
   <leader>00925njm 22002777a 4500</leader>
   <datafield ind2=" " ind1=" " tag="042">
      <subfield code="a">dc</subfield>
   </datafield>
   <datafield ind2=" " ind1=" " tag="720">
      <subfield code="a">Malagarriga, Daniel</subfield>
      <subfield code="e">author</subfield>
   </datafield>
   <datafield ind2=" " ind1=" " tag="720">
      <subfield code="a">Villa, Alessandro E. P.</subfield>
      <subfield code="e">author</subfield>
   </datafield>
   <datafield ind2=" " ind1=" " tag="720">
      <subfield code="a">García Ojalvo, Jordi</subfield>
      <subfield code="e">author</subfield>
   </datafield>
   <datafield ind2=" " ind1=" " tag="720">
      <subfield code="a">Pons, Antonio J.</subfield>
      <subfield code="e">author</subfield>
   </datafield>
   <datafield ind2=" " ind1=" " tag="260">
      <subfield code="c">2017-05-26T07:52:27Z</subfield>
   </datafield>
   <datafield ind2=" " ind1=" " tag="260">
      <subfield code="c">2017</subfield>
   </datafield>
   <datafield ind2=" " ind1=" " tag="520">
      <subfield code="a">Synchronization within the dynamical nodes of a complex network is usually considered homogeneous through all the nodes. Here we show, in contrast, that subsets of interacting oscillators may synchronize in different ways within a single network. This diversity of synchronization patterns is promoted by increasing the heterogeneous distribution of coupling weights and/or asymmetries in small networks. We also analyze consistency, defined as the persistence of coexistent synchronization patterns regardless of the initial conditions. Our results show that complex weighted networks display richer consistency than regular networks, suggesting why certain functional network topologies are often constructed when experimental data are analyzed. Dynamical systems may synchronize in several ways, at the same time, when they are coupled in a single complex network. Examples of this diversity of synchronization patterns may be found in research fields as diverse as neuroscience, climate networks, or ecosystems. Here we report the conditions required to obtain coexisting synchronizations in arrangements of interacting chaotic oscillators, and relate these conditions to the distribution of coupling weights and asymmetries in complex networks. We also analyze the conditions required for a high statistical occurrence of the same synchronization patterns, regardless of the oscillators&amp;apos; initial conditions. Our results show that these persistent synchronization patterns are statistically more frequent in complex weighted networks than in regular ones, explaining why certain functional network topologies are often retrieved from experimental data. Besides, our results suggest that considering both the different coexisting synchronizations and also their statistics may result in a richer understanding of the relations between functional and structural networks of oscillators.</subfield>
   </datafield>
   <datafield ind2=" " ind1=" " tag="520">
      <subfield code="a">This work was partially supported by the Spanish Ministry of Economy and Competitiveness and FEDER (Project No. FIS2015-66503). AEPV acknowledges support from the Swiss National Science Foundation Project NEURECA (CR13I1 138032). J.G.O. also acknowledges support from the the Generalitat de Catalunya (Project No. 2014SGR0947), the ICREA Academia Programme, and from the “María de Maeztu” Programme for Units of Excellence in R&amp;amp;D (Spanish Ministry of Economy and Competitiveness, MDM-2014-0370).</subfield>
   </datafield>
   <datafield tag="653" ind2=" " ind1=" ">
      <subfield code="a">Networks</subfield>
   </datafield>
   <datafield tag="653" ind2=" " ind1=" ">
      <subfield code="a">Network topology</subfield>
   </datafield>
   <datafield tag="653" ind2=" " ind1=" ">
      <subfield code="a">Synchronization</subfield>
   </datafield>
   <datafield tag="653" ind2=" " ind1=" ">
      <subfield code="a">Cluster analysis</subfield>
   </datafield>
   <datafield tag="653" ind2=" " ind1=" ">
      <subfield code="a">Coupled oscillators</subfield>
   </datafield>
   <datafield ind2="0" ind1="0" tag="245">
      <subfield code="a">Consistency of heterogeneous synchronization patterns in complex weighted networks</subfield>
   </datafield>
</record></metadata></record></GetRecord></OAI-PMH>